000 00315nam a2200133Ia 4500
008 191201s2005 xx 000 0 und d
100 _aDEVI, Shakuntala
245 0 _aPuzzles to Puzzle You
250 _a36th rep.
260 _aN. Delhi
_bOrient L
_c2005
300 _a143
650 _aB.Tech(IT)
942 _2ddc
_cBK
999 _c4598
_d4598